Africa by Capitals and Borders in 30 Seconds - Statistics

General Stats
  • This quiz has been taken 4,414 times
    1,503 since last reset
  • The average score is 38 of 54
Answers on the Map
Answers color-coded by a green-red scale on the quiz's map according to % correct below.
 
Answer Stats
Country % Correct
Libya
97%
Sudan
96%
Algeria
94%
South Sudan
90%
Botswana
89%
Egypt
89%
Mauritania
89%
Niger
89%
South Africa
89%
Zimbabwe
89%
D. R. Congo
88%
Mali
88%
Mozambique
88%
Ethiopia
87%
Namibia
87%
Tanzania
86%
Zambia
86%
Rep. of the Congo
85%
Uganda
85%
Angola
84%
Central African Republic
84%
Chad
83%
Morocco
83%
Swaziland
83%
Kenya
82%
Lesotho
82%
Tunisia
80%
Somalia
79%
Burkina Faso
77%
Nigeria
76%
Rwanda
76%
Cameroon
75%
Burundi
74%
Guinea
74%
Cote d'Ivoire
73%
Benin
71%
Senegal
71%
Djibouti
70%
Eritrea
70%
Ghana
67%
Togo
67%
Guinea-Bissau
56%
Liberia
49%
Gabon
47%
Sierra Leone
47%
Gambia
44%
Malawi
42%
Equatorial Guinea
41%
Madagascar
31%
Sao Tome and Principe
21%
Cape Verde
18%
Seychelles
16%
Comoros
14%
Mauritius
11%
No matching quizzes found
Score Distribution
Percent of People with Each Score
Percentile by Number Answered
Your Score History
You have not taken this quiz since the last reset